000 01190nam a22003134a 4500
001 ebr10233592
003 CaPaEBR
006 m u
007 cr cn|||||||||
008 041115s2005 nyu sb 001 0 eng
010 _z 2004063558
020 _z0195177169
040 _aCaPaEBR
_cCaPaEBR
035 _a(OCoLC)65178065
050 1 4 _aPC2511
_b.H86 2005eb
082 0 4 _a841.009
_222
100 1 _aHunter, David,
_d1955-
245 1 0 _aUnderstanding French verse
_h[electronic resource] :
_ba guide for singers /
_cDavid Hunter.
260 _aNew York :
_bOxford University Press,
_c2005.
300 _aviii, 122 p.
500 _aNotes : p. 108-114.
504 _aIncludes bibliographical references (p. 115) and index.
533 _aElectronic reproduction.
_bPalo Alto, Calif. :
_cebrary,
_d2013.
_nAvailable via World Wide Web.
_nAccess may be limited to ebrary affiliated libraries.
650 0 _aFrench language
_xVersification.
650 0 _aSinging
_xDiction.
655 7 _aElectronic books.
_2local
710 2 _aebrary, Inc.
856 4 0 _uhttp://site.ebrary.com/lib/rucke/Doc?id=10233592
_zAn electronic book accessible through the World Wide Web; click to view
999 _c38144
_d38144